000 00623nam a22002297a 4500
003 UA-OsUOA
001 93973
007 ta
008 20130131b un ||||| |||| 00| 0 ukr d
100 _aПільгук І.
090 _a82.09(477)
_bП36
942 _cBK
040 _aUA-OsUOA
_bukr
_cUA-OsUOA
_dUA-OsUOA
245 _aГригорій Сковорода
_bхудожній життєпис
300 _a262 с.
955 _a3
041 _aukr
080 _a82.09(477)
260 _aК.
_bДніпро
_c1971
650 7 _a82 Література. Літературознавство
_2UDC
999 _c380216
_d380216